La Anunciación a María / (Record no. 44740)

MARC details
000 -LEADER
campo de control de longitud fija 00689nam a2200205 i 4500
001 - NÚMERO DE CONTROL
campo de control 44740
003 - IDENTIFICADOR DE NÚMERO DE CONTROL
campo de control ES-MaACL
005 - FECHA Y HORA DE LA ÚLTIMA TRANSACCIÓN
campo de control 20260617125144.0
007 - CAMPO FIJO DE DESCRIPCIÓN FÍSICA--INFORMACIÓN GENERAL
campo de control de longitud fija t|
008 - DATOS DE LONGITUD FIJA--INFORMACIÓN GENERAL
campo de control de longitud fija 030324s1945 ag ||||1| spa d
100 ## - ENTRADA PRINCIPAL--NOMBRE DE PERSONA
Nombre de persona Claudel, Paul,
Fechas asociadas al nombre 1868-1955
9 (RLIN) 239252
245 13 - MENCIÓN DEL TÍTULO
Título La Anunciación a María /
Mención de responsabilidad, etc. Paul Claudel ; [versión castellana e introducción de Angel J. Battistessa].
260 ## - PUBLICACIÓN, DISTRIBUCIÓN, ETC.
Lugar de publicación, distribución, etc. Buenos Aires :
Nombre del editor, distribuidor, etc. Emecé,
Fecha de publicación, distribución, etc. [1945] (
Fabricante Francisco A. Colombo)
300 ## - DESCRIPCIÓN FÍSICA
Extensión 257 p., 1 lám. :
Otras características físicas 1 retr. aut. ;
Dimensiones 23 cm.
490 1# - MENCIÓN DE SERIE
Mención de serie Teatro del mundo
700 1# - ENTRADA AGREGADA--NOMBRE PERSONAL
Nombre de persona Battistessa, Angel J.
9 (RLIN) 26485
830 0# - PUNTO DE ACCESO ADICIONAL DE SERIE-TÍTULO UNIFORME
Título uniforme Teatro del mundo
9 (RLIN) 184334
852 ## - LOCALIZACIÓN
Ubicación ES-MaACL
Número de control de estantería G-1771
Sublocalización o colección R.27204
Holdings
Estatus retirado Estado de pérdida Estado de daño No para préstamo Biblioteca de origen Biblioteca actual Ubicación en estantería Fecha de adquisición Fuente de adquisición Total de préstamos Signatura topográfica completa Código de barras Visto por última vez Precio de reemplazo Tipo de ítem Koha
        Biblioteca del Ateneo de Madrid Biblioteca del Ateneo de Madrid Depósito 2 17/01/2008     G-1771 1047087 23/02/2023 23/02/2023 Libro impreso